Creative selling / (Record no. 3527)

000 -LEADER
fixed length control field nam a22 a 4500
003 - CONTROL NUMBER IDENTIFIER
control field AKMAL
005 - DATE AND TIME OF LATEST TRANSACTION
control field 20170523104032.0
008 - FIXED-LENGTH DATA ELEMENTS--GENERAL INFORMATION
fixed length control field 170523s1992 my 00 eng d
020 ## - INTERNATIONAL STANDARD BOOK NUMBER
International Standard Book Number 9810120753 (pbk.):
Terms of availability RM 9.50
020 ## - INTERNATIONAL STANDARD BOOK NUMBER
International Standard Book Number 9971404575
040 ## - CATALOGING SOURCE
Original cataloging agency AKMAL
Transcribing agency AKMAL
049 ## - LOCAL HOLDINGS (OCLC)
Holding library mal
082 04 - DEWEY DECIMAL CLASSIFICATION NUMBER
Classification number 658.8 LAN
090 ## - LOCALLY ASSIGNED LC-TYPE CALL NUMBER (OCLC); LOCAL CALL NUMBER (RLIN)
Classification number (OCLC) (R) ; Classification number, CALL (RLIN) (NR) 658.8
Local cutter number (OCLC) ; Book number/undivided call number, CALL (RLIN) LAN
100 1# - MAIN ENTRY--PERSONAL NAME
Personal name Lang, J. W.
9 (RLIN) 7043
245 10 - TITLE STATEMENT
Title Creative selling /
Statement of responsibility, etc. J.W. Lang
260 ## - PUBLICATION, DISTRIBUTION, ETC.
Place of publication, distribution, etc. Kuala Lumpur :
Name of publisher, distributor, etc. Federal Publications,
Date of publication, distribution, etc. 1992
300 ## - PHYSICAL DESCRIPTION
Extent 107p. ;
Dimensions 18cm
440 ## - SERIES STATEMENT/ADDED ENTRY--TITLE
Title Times management pocket guides
9 (RLIN) 5957
650 ## - SUBJECT ADDED ENTRY--TOPICAL TERM
Topical term or geographic name entry element Selling
9 (RLIN) 1450
942 ## - ADDED ENTRY ELEMENTS (KOHA)
Source of classification or shelving scheme
Koha item type Book
Holdings
Withdrawn status Lost status Source of classification or shelving scheme Damaged status Not for loan Collection code Home library Current library Date acquired Inventory number Total Checkouts Full call number Barcode Date last seen Price effective from Koha item type Shelving location
          NON-FICTION AKMAL Melaka AKMAL Melaka 23.05.2017 600273   658.8 LAN 201704619 23.05.2017 23.05.2017 Book  
          NON-FICTION AKMAL Melaka AKMAL Melaka 23.05.2017 001884   658.81 LAN 201704736 23.05.2017 23.05.2017 Book PINJAMAN
Pusat Sumber Maklumat Dato' Haji Sarmin Md Hussin, Akademi Kastam Diraja Malaysia, Melaka
Tel: 06-2331106 | Faks: 06-2313787